000 00434nam a2200145 i 4500
001 bg
100 1 _aMAJZNER, Lucyna
245 0 _aKierunki inwestowania w wybranych krajach /
_cLucyna Majzner.
260 _aWarszawa,
_c1977.
040 _cBPK
041 _apol
942 _cKS
008 s pl f |000 0 pol
856 _uhttp://koha.tu.koszalin.pl/cgi-bin/koha/opac-detail.pl?biblionumber=17693
_yKatalog online BPK
999 _c17693
_d17693